Basic Physics of the Solar System

Saved in:
Bibliographic Details
Main Author: Blanco, V. M (Author)
Other Authors: McCuskey, Sidney Wilcox (autor)
Format: Book
Language:English
Published: Reading Addison-Wesley 1961
Subjects:
Tags: Add Tag
No Tags, Be the first to tag this record!

MARC

LEADER 00000nam a2200000 a 4500
001 UCH1849
003 CL-VaPUC
008 090514e19610000US |||||||||||||||||eng|d
082 0 4 |a 523.01  |b BLA  |2 21 
100 0 |a Blanco, V. M  |e author  |9 536408 
700 |a McCuskey, Sidney Wilcox  |e autor  |9 536409 
245 1 0 |a Basic Physics of the Solar System 
300 |a 307 p 
942 |c BK 
945 |d 20090514 00:00:00  |a dcastane 
260 |a Reading  |b Addison-Wesley  |c 1961 
650 0 |a Astrofísica  |9 269137 
650 7 |a FISICA COSMICA  |2 CL-VaPUC  |9 536410 
650 7 |a PLANETAS  |2 CL-VaPUC  |9 352277 
650 7 |a SATELITES  |2 CL-VaPUC  |9 352279 
650 7 |a SOL  |2 CL-VaPUC  |9 536411 
650 7 |a DINAMICA CELESTIAL  |2 CL-VaPUC  |9 536412 
583 |a last modification  |c 20090514 00:00:00  |k Rodrigo Vera 
999 |c 333746  |d 333744 
952 |0 0  |1 0  |4 0  |6 523_010000000000000_BLA_1961  |7 0  |8 A  |9 422348  |a BIBCUR  |b BIBCUR  |d 2019-11-22  |i 4543637  |o 523.01 BLA 1961  |p 4543637  |r 2025-04-22  |w 2019-11-22  |y BK  |k FIS